00544nam a2200133 i 4500001000700000003000900007005001700016008004100033245013300074260007700207300002100284650003500305852007000340156136ES-MaACL20250820100133.0931025s1855 sp |||| | spa d00aNulidad de la definición dogmática de su santidad Pio IX acerca del misterio de la Inmaculada Concepción / c[J. J. y T.]. aMadrid : b[s.n.], c1855 (fEstablecimiento Tipográfico de La Europa) a32 p. ; c21 cm.07aInmaculada Concepción2embne aES-MaACLjFol-Laf-417 z-- Enc. rust. z-- Legado M. de La Fuente